Procedings of the 6th Conference on Virus and Virus deseases of the grapevine... España 13-21 septiembre 1976. (Record no. 46227)

MARC details
000 -LEADER
campo de control de longitud fija 00685nam a2200169 i 4500
001 - NÚMERO DE CONTROL
campo de control 46227
003 - IDENTIFICADOR DE NÚMERO DE CONTROL
campo de control ES-MaACL
005 - FECHA Y HORA DE LA ÚLTIMA TRANSACCIÓN
campo de control 20230906161339.0
007 - CAMPO FIJO DE DESCRIPCIÓN FÍSICA--INFORMACIÓN GENERAL
campo de control de longitud fija t|
008 - DATOS DE LONGITUD FIJA--INFORMACIÓN GENERAL
campo de control de longitud fija 030328s1978 sp ||||1| eng d
111 2# - ENTRADA PRINCIPAL--NOMBRE DE CONGRESO/REUNIÓN
Nombre de congreso/reunión o jurisdicción como elemento de entrada Conferencia Internacional sobre Virus y Virosis de la Vid (
Número del congreso/reunión o número de parte o sección 6ª.
Fecha del congreso o de la firma del tratado 1976.
Sede del congreso/Lugar de la reunión Madrid)
9 (RLIN) 212
245 10 - MENCIÓN DEL TÍTULO
Título Procedings of the 6th Conference on Virus and Virus deseases of the grapevine... España 13-21 septiembre 1976.
260 ## - PUBLICACIÓN, DISTRIBUCIÓN, ETC.
Lugar de publicación, distribución, etc. Madrid :
Nombre del editor, distribuidor, etc. Instituto Nacional de Investigaciones Agrarias,
Fecha de publicación, distribución, etc. 1978.
300 ## - DESCRIPCIÓN FÍSICA
Extensión LIV, 374 p., 29 lám. :
Otras características físicas il. ;
Dimensiones 25 cm.
710 2# - ENTRADA AGREGADA--NOMBRE DE ENTIDAD CORPORATIVA
Nombre de entidad corporativa o nombre de jurisdicción como elemento de entrada Instituto Nacional de Investigaciones Agrarias (España)
9 (RLIN) 5168
852 ## - LOCALIZACIÓN
Ubicación ES-MaACL
Número de control de estantería L-298
Sublocalización o colección R.100884
Holdings
Estatus retirado Estado de pérdida Estado de daño No para préstamo Biblioteca de origen Biblioteca actual Ubicación en estantería Fecha de adquisición Fuente de adquisición Total de préstamos Signatura topográfica completa Código de barras Visto por última vez Precio de reemplazo Tipo de ítem Koha
        Biblioteca del Ateneo de Madrid Biblioteca del Ateneo de Madrid Depósito 2 17/01/2008     L-298 1048624 23/02/2023 23/02/2023 Libro impreso